Datum a čas kvízu

45 Celkem bodů Celkový počet nahraných bodů na tomto kvízu bez doplňovacích otázek.
1. Pořadí na kvízu Konečné umístění týmu na tomto kvízu.

Zaznamenané odpovědi

# Otázka Odpověď Body Výsledky
1. Minulý týden byly vyhlášeny vý... Pavel Pafko 1
2. V sousedním Rakousku před něko... Sebastian Kurz 1
3. Malba slavného streetartového... šimpanzi 1
4. Ve čtvrtek byla v Praze otevře... Tesla 1
5. Minulý týden ukončila biatlono... Anastasia Kuzminová 1
6. Napíšete-li název afghánské le... Bagrám 0
7. Jak se jmenuje současný náčeln... Aleš Opata 1
8. Jak se nazývá město, u něhož s... Čáslav 1
9. Jednou z prvních zahraničních... Bosna a Hercegovina 1
10. Napište název tohoto víceúčelo... Pandur 1